000 00831cam a22002057i 4500
005 20251108174935.0
008 250721s2010 ua a gr 000 0 ara d
041 _aara
082 1 4 _a001.422
_bح ط ب
100 1 _aأبو حطب، فؤاد.
_eمؤلف.
245 1 0 _aمناهج البحث وطرق التحليل الإحصائي في العلوم النفسية والتربوية والإجتماعية.
_cتاليف د. فؤاد ابو حطب، د. آمال صادق.
250 _aالطبعة الاولى.
264 3 1 _aالقاهرة :
_bمكتبة الانجلو المصرية،
_c2010.
300 _a840 صفحة.
650 1 7 _aأساليب البحث.
650 1 7 _aالتحليل الاحصائي.
700 1 _aصادق، آمال.
_eمؤلف.
942 _2ddc
_cBK
999 _c122042
_d122042